Stravovanie zamestnancov po novelizácii zákonníka práce

Zmeny a doplnenia ustanovení Zákonníka práce zákonom č. 43/1998 Z.z. Externé zabezpečenie stravovania. Pracovná zmena pre účely stravovania. Krátenie nároku pri neodpracovaní pracovnej zmeny. Nároky pri pracovnej ceste. Preukázanie odôvodnenosti nezabezpečenia stravovania. Poskytnutie ďalšieho hlavn...

Ausführliche Beschreibung

Gespeichert in:
Bibliographische Detailangaben
1. Verfasser: Vaseková, Oľga
Format: Buchkapitel
Sprache:Slowakisch
Schlagworte:
Tags: Tag hinzufügen
Keine Tags, Fügen Sie das erste Tag hinzu!

MARC

LEADER 00000naa a2200000 4500
001 r034693
005 20230926080813.9
041 0 |a slo 
044 |a SK 
245 1 0 |a Stravovanie zamestnancov po novelizácii zákonníka práce  |c Oľga Vaseková 
520 |a Zmeny a doplnenia ustanovení Zákonníka práce zákonom č. 43/1998 Z.z. Externé zabezpečenie stravovania. Pracovná zmena pre účely stravovania. Krátenie nároku pri neodpracovaní pracovnej zmeny. Nároky pri pracovnej ceste. Preukázanie odôvodnenosti nezabezpečenia stravovania. Poskytnutie ďalšieho hlavného jedla. Príspevok na stravovanie. Stravovanie zamestnancov na chránených pracoviskách, chránených dielňach. 
610 2 0 |a zákonník práce 
610 2 0 |a novelizácia 
610 2 0 |a 1998 
610 2 0 |a stravovanie zamestnancov 
610 2 0 |a povinnosti zamestnávateľov 
610 2 0 |a zamestnanci 
100 1 |a Vaseková, Oľga